Statistics for Top 50 U.S. States Or Countries By HDI

Click here to take the quiz!

General Stats

  • This quiz has been taken 89 times
  • The average score is 42 of 50

Answer Stats

HDICountry% Correct
0.958Norway
99%
0.942Denmark
95%
0.946Sweden
95%
0.936California
93%
0.939Finland
93%
0.947Germany
93%
0.956Switzerland
93%
0.945Netherlands
92%
0.946Washington
92%
0.933United Kingdom
91%
0.955Ireland
89%
0.948New Hampshire
89%
0.944New York
89%
0.936Oregon
89%
0.925Austria
88%
0.931Belgium
88%
0.954Connecticut
88%
0.951Iceland
88%
0.922Maine
88%
0.953Minnesota
88%
0.940Vermont
88%
0.944Australia
86%
0.955Massachusetts
86%
0.948Colorado
85%
0.919Japan
85%
0.931New Zealand
85%
0.936Virginia
85%
0.936Alaska
84%
0.930Canada
84%
0.930Rhode Island
84%
0.948New Jersey
82%
0.946North Dakota
82%
0.945Hawaii
81%
0.934Illinois
81%
0.919Ohio
81%
0.928Pennsylvania
81%
0.939Singapore
81%
0.941Maryland
80%
0.932South Dakota
80%
0.934Wisconsin
80%
0.921Montana
78%
0.936Delaware
77%
0.935Utah
74%
0.935Iowa
73%
0.939Nebraska
73%
0.927Kansas
72%
0.918Liechtenstein
72%
0.938Wyoming
72%
0.919Israel
70%
0.918Slovenia
54%

Score Distribution

Percentile by Number Answered

Percent of People with Each Score

Your Score History

You have not taken this quiz